000 00568nam a2200181 i 4500
001 101258
003 ES-MaACL
005 20250930063108.0
007 t|
008 051017s1929 sp ||||1| spa d
100 1 _aMayer, August Liebmann,
_d1885-1944
_979345
245 1 3 _aEl estilo gótico en España /
_cpor Augusto L. Mayer; traducido del alemán por Felipe Villaverde.
260 _aMadrid :
_bEspasa-Calpe,
_c1929.
300 _a316 p. ;
_c28 cm.
700 1 _aVillaverde, Felipe.
_9115174
852 _aES-MaACL
_jB-3396
999 _c101258
_d101258